LIBRARY & INFORMATION CENTRE, KCAET, TAVANUR

ONLINE PUBLIC ACCESS CATALOGUE (OPAC)

Theory and problems of programming with FORTRAN / (Record no. 9646)

MARC details
000 -LEADER
fixed length control field 00598cam a2200229ua 4500
020 ## - INTERNATIONAL STANDARD BOOK NUMBER
ISBN 0 07 099033 6
041 ## - LANGUAGE CODE
Language code of text/sound track or separate title eng
082 ## - DEWEY DECIMAL CLASSIFICATION NUMBER
Classification number 005.133
Item number LIP/TH
100 ## - MAIN ENTRY--AUTHOR NAME
Personal name Lipschutz, Seymour .
245 ## - TITLE STATEMENT
Title Theory and problems of programming with FORTRAN /
250 ## - EDITION STATEMENT
Edition statement 1 /
260 ## - PUBLICATION, DISTRIBUTION, ETC. (IMPRINT)
Place of publication New York :
Name of publisher McGraw Hill Book Company ,
Year of publication 1982.
300 ## - PHYSICAL DESCRIPTION
Number of Pages 314 ; .
700 1# - ADDED ENTRY--PERSONAL NAME
Personal name Poe, Arthur .
942 ## - ADDED ENTRY ELEMENTS (KOHA)
Koha item type Books
Holdings
Withdrawn status Lost status Damaged status Home library Current library Date acquired Full call number Accession Number Koha item type
      KAUAET KAUAET 01/12/1988 005.133 16452 Books
      KAUAET KAUAET 01/12/1988 005.133 16451 Books
      KAUAET KAUAET 01/12/1988 005.133 16454 Books
      KAUAET KAUAET 01/12/1988 005.133 16453 Books
      KAUAET KAUAET 01/12/1988 005.133 16455 Books
free website counter